000 00390nam a2200133Ia 4500
008 231129s9999||||xx |||||||||||||| ||spa||
020 _a84-276-1316-4
040 _bspa
082 _a195 G158c
100 _aGalileo Galilei
245 0 _aConsideraciones y demostraciones matemáticas sobre dos nuevas ciencias
264 _aNacional
942 _2ddc
_cBKS
999 _c7947
_d7947